000 00692nam a22002297a 4500
003 UA-OsUOA
001 52799
007 ta
008 20150909b un ||||| |||| 00| 0 ukr d
090 _a017
942 _cBK
040 _aUA-OsUOA
_beng
_cUA-OsUOA
_dUA-OsUOA
245 _aSpecialized catalog of United States First Day Covers 1982
300 _a102 p.
955 _a4
041 _aeng
080 _a017
260 _aFlorham Park
_bThe Washington Press
_c1982
650 7 _a01 Бібліографія і бібліографії. Каталоги
_2UDC
999 _c432917
_d432917